Conceptos matemáticos útiles en microeconomía /
Guardado en:
| Autor Principal: | |
|---|---|
| Formato: | Libro |
| Idioma: | Spanish |
| Publicado: |
Buenos Aires :
El Coloquio,
[1973].
|
| Edición: | 2.ª ed. ampliada. |
| Etiquetas: |
Agregar Etiqueta
Sin Etiquetas, Sea el primero en etiquetar este registro!
|
| LEADER | 00687nam a22001815a 4500 | ||
|---|---|---|---|
| 001 | MAT.inmabb002545 | ||
| 008 | 050308s1973####ag#a#####b####000#0#spa#d | ||
| 005 | 20130403160733.0 | ||
| 245 | 1 | 0 | |a Conceptos matemáticos útiles en microeconomía / |c Jorge E. Fernández Pol. |
| 250 | |a 2.ª ed. ampliada. | ||
| 260 | |a Buenos Aires : |b El Coloquio, |c [1973]. | ||
| 300 | |a iv, 249 p. : |b il. ; |c 20 cm. | ||
| 500 | |a Algunas ilustraciones en hojas plegadas. | ||
| 504 | |a Incluye referencias bibliográficas e índice. | ||
| 505 | 0 | |a I. Introducción -- II. Máximos y mínimos -- III. Aplicaciones. | |
| 100 | 1 | |a Fernández Pol, Jorge E. | |
| 084 | |a 91B02 |2 msc2000 | ||
| 859 | |h 91 |i F363 |p A-8204 |b BIB. MATEMATICA | ||
